The production of pulses in Tamil Nadu / (Record no. 20688)

MARC details
000 -LEADER
fixed length control field 00884nam a2200229 4500
005 - DATE AND TIME OF LATEST TRANSACTION
control field 19970905091730.0
008 - FIXED-LENGTH DATA ELEMENTS--GENERAL INFORMATION
fixed length control field 700514s1968 enka 000 0 eng
010 ## - LCCN (DPL NO)
LC control number ENG-92389
020 ## - INTERNATIONAL STANDARD BOOK NUMBER
International Standard Book Number 9788190680561
Terms of availability 120.00
035 ## - SYSTEM CONTROL NUMBER
System control number EN-75922
037 ## - SOURCE OF ACQUISITION
Source of stock number/acquisition DbAD / PUB
040 ## - CATALOGING SOURCE
Original cataloging agency dpl
Language of cataloging English
082 ## - DEWEY DECIMAL CLASSIFICATION NUMBER
Classification number 338.1731095431
100 ## - MAIN ENTRY--PERSONAL NAME
Personal name Kumar, R.
245 ## - TITLE STATEMENT
Title The production of pulses in Tamil Nadu /
Statement of responsibility, etc by R. Kumar
260 ## - PUBLICATION, DISTRIBUTION, ETC. (IMPRINT)
Place of publication, distribution, etc Chennai
Name of publisher, distributor, etc Andril Pathippagam
Date of publication, distribution, etc 2008
270 ## - ADDRESS
Address 192, Jagajeevan Ram Salai, Cheppakkam,
City Chennai
Postal code 600005
300 ## - PHYSICAL DESCRIPTION
Extent xvi, 192p.
Dimensions 20cm (pbk)
650 ## - SUBJECT ADDED ENTRY--TOPICAL TERM
Topical term or geographic name as entry element Grain trade
Geographic subdivision India
-- Tamil Nadu.
942 ## - ADDED ENTRY ELEMENTS (KOHA)
Source of classification or shelving scheme Dewey Decimal Classification
Item type English Books
Call number suffix KUM
Classification part 338.1731095431
Holdings
Withdrawn status Lost status Source of classification or shelving scheme Damaged status Not for loan Home library Current library Date acquired Source of acquisition Cost, normal purchase price Total Checkouts Full call number Barcode Date last seen Copy number Cost, replacement price Koha item type
    Dewey Decimal Classification   Not For Loan D.B.Act.Division D.B.Act.Division 07/01/2009 DBAD / PUB 120.00   338.1731095431 KUM EN-75922 20/03/2009 1 120.00 English Books

© Delhi Public Library
Hit Counter
free hit counter